Ueber die Deutsche Volksschule. Mit Rücksicht auf die Volksschule im Großherzogthum Baden. Von Germannus. III. und IV. Heft

Jazyk: Němčina
Vydáno: Karlsruhe : Druck und Verlag der G. Braunn'schen Hoffbuchhandlung, 1846
Témata:
Externí odkaz: Titulní list
Fyzický popis: 58, [2] s. ; 4°
Knihy
Uloženo v:
LEADER 01439nam a2200373 a 4500
001 mzk03001185286
003 CZ BrMZK
005 20160104140024.0
007 ta
008 120516s1846 gw f |||| 0 ger|d
040 |a BOA001  |b cze 
072 7 |a 371  |x Školství (organizace)  |2 Konspekt  |9 22 
072 7 |a 094.5  |x Tisky (19. století)  |2 Konspekt  |9 12 
080 |a 371(091)  |2 MRF 
080 |a 373.3  |2 MRF 
080 |a 025.171  |2 MRF 
245 0 0 |a Ueber die Deutsche Volksschule. Mit Rücksicht auf die Volksschule im Großherzogthum Baden. Von Germannus.  |n III. und IV. Heft 
246 3 3 |a Über die Deutsche Volksschule 
260 |a Karlsruhe :  |b Druck und Verlag der G. Braunn'schen Hoffbuchhandlung,  |c 1846 
300 |a 58, [2] s. ;  |c 4° 
500 |a Výzdoba: Na titulním listu linky z typografických ozdůbek, iniciálky 
563 |a Bez vazby, hřbet přelepen papírovým proužkem 
650 7 |a dějiny školství  |7 ph536908  |2 czenas 
650 7 |a základní školy  |7 ph116795  |2 czenas 
650 7 |a historické knihovní fondy  |7 ph172933  |2 czenas 
856 4 1 |u https://imageserver.mzk.cz/mzk03/001/185/286/328100205817.titul.jp2  |y Titulní list 
910 |e BOE950  |c R - S. e. 4,8 
978 |b Braun, G. - dílna  |a Karlsruhe  |c 1846 
984 |a Karlsruhe  |b Německo 
985 |a 1801-1850 
990 |a BK 
996 |e BOE950  |c R - S. e. 4,8 
991 |k rajhrad 
980 |c 205817  |g R - S. e. 4,8  |1 328100205817  |p BNr. 23228. 8.